पाताल भैरवी (Record no. 1022093)
[ view plain ]
| 000 -LEADER | |
|---|---|
| fixed length control field | 01000nam a2200277Ia 4500 |
| 003 - CONTROL NUMBER IDENTIFIER | |
| control field | OSt |
| 005 - DATE AND TIME OF LATEST TRANSACTION | |
| control field | 20221005111527.0 |
| 008 - FIXED-LENGTH DATA ELEMENTS--GENERAL INFORMATION | |
| fixed length control field | 221004b |||||||| |||| 00| 0 asm d |
| 020 ## - INTERNATIONAL STANDARD BOOK NUMBER | |
| International Standard Book Number | 8126001089 (hbk) |
| 037 ## - SOURCE OF ACQUISITION | |
| Terms of availability | Textual |
| 040 ## - CATALOGING SOURCE | |
| Original cataloging agency | CRL |
| Transcribing agency | CRL |
| Language of cataloging | asm |
| 041 ## - LANGUAGE CODE | |
| Source of code | asm |
| Language code of text/sound track or separate title | asm |
| 100 ## - MAIN ENTRY--PERSONAL NAME | |
| Personal name | बोरा, लक्ष्मीनन्दन, संपा. |
| 245 #0 - TITLE STATEMENT | |
| Title | पाताल भैरवी |
| 246 ## - VARYING FORM OF TITLE | |
| Title proper/short title | Pātāl bhairavī |
| 260 ## - PUBLICATION, DISTRIBUTION, ETC. | |
| Place of publication, distribution, etc. | नई दिल्ली |
| Name of publisher, distributor, etc. | साहित्य अकादेमी भारत |
| Date of publication, distribution, etc. | 1996 |
| 300 ## - PHYSICAL DESCRIPTION | |
| Extent | 265पृ0 |
| Dimensions | cm. |
| 650 ## - SUBJECT ADDED ENTRY--TOPICAL TERM | |
| Topical term or geographic name entry element | असमी साहित्य |
| 650 ## - SUBJECT ADDED ENTRY--TOPICAL TERM | |
| Topical term or geographic name entry element | असमी कहानी |
| 942 ## - ADDED ENTRY ELEMENTS (KOHA) | |
| Classification part | O158,3N32,PB, 152N6 |
| Koha item type | Textual |
| Source of classification or shelving scheme | |
| Withdrawn status | Lost status | Damaged status | Not for loan | Home library | Current library | Date acquired | Source of acquisition | Total Checkouts | Full call number | Barcode | Date last seen | Price effective from | Koha item type | Public note |
|---|---|---|---|---|---|---|---|---|---|---|---|---|---|---|
| Central Library | Central Library | 2022-10-05 | Gift, 08/01/2019, | O158,3N32,PB 152N6 | CL1172560 | 2022-10-05 | 2022-10-05 | Textual | Translated from Assame from Hindi |
